Statistics for Top Premier League Scorers

Click here to take the quiz!

General Stats

  • This quiz has been taken 42 times
  • The average score is 38 of 56

Answer Stats

ClubsNationGoalsPlayer% Correct
Chelsea, LiverpoolEgypt97Mohamed Salah
100%
Manchester CityArgentina184Sergio Aguero
100%
ArsenalFrance175Thierry Henry
100%
Blackburn Rovers, Newcastle UnitedEngland260Alan Shearer
96%
Newcastle United, Manchester United, Blackburn Rovers, Fulham, Manchester City, PortsmouthEngland187Andrew Cole
96%
ChelseaIvory Coast104Didier Drogba
96%
Manchester UnitedWales109Ryan Giggs
96%
Everton, Manchester UnitedEngland208Wayne Rooney
96%
Tottenham Hotspur, Manchester United, FulhamBulgaria94Dimitar Berbatov
92%
Tottenham HotspurEngland166Harry Kane
92%
Liverpool, Newcastle United, Manchester United, Stoke CityEngland150Michael Owen
92%
Coventry City, Leeds United, Tottenham Hotspur, Liverpool, West Ham UnitedIreland126Robbie Keane
92%
Arsenal, Manchester UnitedNetherlands144Robin Van Persie
92%
West Bromwich Albion, Everton, Manchester UnitedBelgium113Romelu Lukaku
92%
Manchester UnitedNetherlands95Ruud Van Nistelrooy
92%
West Ham United, Chelsea, Manchester CityEngland177Frank Lampard
88%
Leicester CityEngland118Jamie Vardy
88%
Aston Villa, Manchester United, Blackburn Rovers, Birmingham City, SunderlandTrinidad & Tobago123Dwight Yorke
85%
Liverpool, Leeds United, Manchester CityEngland163Robbie Fowler
85%
Southampton, LiverpoolSenegal95Sadio Mane
85%
West Ham United, Manchester United, Manchester CityArgentina84Carlos Tevez
81%
Liverpool, ChelseaSpain85Fernando Torres
81%
Tottenham Hotspur, Aston Villa, Southampton, Liverpool, Portsmouth, Stoke CityEngland108Peter Crouch
81%
Manchester UnitedPortugal84Cristiano Ronaldo
77%
Arsenal, Manchester City, Tottenham Hotspur, Crystal PalaceTogo97Emmanuel Adebayor
77%
Manchester UnitedEngland107Paul Scholes
77%
LiverpoolEngland120Steven Gerrard
77%
ArsenalNetherlands87Dennis Bergkamp
73%
Leeds United, Chelsea, Middlesbrough, Charlton AthleticNetherlands127Jimmy Floyd Hasselbaink
73%
Arsenal, Liverpool, Manchester City, Bolton Wanderers, Chelsea, West Bromwich AlbionFrance125Nicolas Anelka
73%
Nottingham Forest, Tottenham Hotspur, Manchester United, Portsmouth, West Ham UnitedEngland146Teddy Sheringham
73%
ChelseaBelgium85Eden Hazard
69%
West Ham United, Tottenham Hotspur, Portsmouth, Sunderland, BournemouthEngland162Jermain Defoe
69%
Manchester UnitedNorway91Ole Gunnar Solskjaer
69%
Ipswich Town, Charlton Athletic, Tottenham Hotspur, Sunderland, Aston Villa, FulhamEngland106Darren Bent
65%
SouthamptonEngland100Matthew Le Tissier
62%
Manchester United, Coventry City, Aston Villa,England111Dion Dublin
58%
QPR, Newcastle United, Tottenham Hotspur, West Ham United, Leicester City, Bolton WanderersEngland149Les Ferdinand
58%
Newcastle United, Fulham, Manchester United, Everton, Tottenham HotspurFrance85Louis Saha
58%
Liverpool, Manchester CityEngland96Raheem Sterling
58%
Arsenal, West Ham United, Nottingham ForestEngland113Ian Wright
54%
Leeds United, Middlesbrough, Newcastle UnitedAustralia92Mark Viduka
54%
Leicester City, Liverpool, Birmingham City, Wigan Athletic, Aston VillaEngland110Emile Heskey
50%
Arsenal, ChelseaFrance90Olivier Giroud
50%
Portsmouth, Middlesbrough, Everton, Blackburn RoversNigeria95Yakubu
50%
Aston Villa, Liverpool, Crystal PalaceBelgium82Christian Benteke
46%
Leeds United, Everton, Newcastle United, Bolton WanderersWales80Gary Speed
42%
Sunderland, Southampton, Aston Villa, Birmingham City,England92Kevin Phillips
42%
Norwich City, Blackburn Rovers, Chelsea, Birmingham City, Aston VillaEngland83Chris Sutton
38%
Coventry City, Newcastle United, Blackburn Rovers, Liverpool, West Ham United, Manchester City, Cardiff CityWales81Craig Bellamy
38%
Arsenal, Everton, SouthamptonEngland78Theo Walcott
38%
Manchester City, Chelsea, Bolton Wanderers, LiverpoolEngland76Daniel Sturridge
27%
Blackburn Rovers, Southampton, EvertonEngland91James Beattie
12%
Arsenal, Nottingham Forest, Everton, West Bromwich AlbionEngland83Kevin Campbell
12%
Southampton, Blackburn Rovers, Bolton WanderersEngland88Kevin Davies
12%
Everton, West Ham United, Leicester CityEngland78Tony Cottee
0%

Score Distribution

Percentile by Number Answered

Percent of People with Each Score

Your Score History

You have not taken this quiz